| 000 | 00356 a2200169 4500 | ||
|---|---|---|---|
| 001 | 174281 | ||
| 020 | _a85-220-0172-3 | ||
| 040 | _cMagnum | ||
| 100 | _aNunes, Lygia Bojunga | ||
| 240 | 1 | 0 |
_aA casa da madrinha _lpor |
| 245 | 1 | 0 | _aA casa da madrinha |
| 300 | _a94 | ||
| 362 | 0 | _a1986 | |
| 440 | 1 | _aAgir | |
| 697 | _aLITERATURA JUVENIL | ||
| 942 | _cBK | ||
| 999 |
_c174281 _d174281 |
||